1911 1824 1697 1865 1362 1220 1281 1827 1149 1417 1512 1995 1430 1118 1634 1240 1463 1376 1562 1279 1110 1472 1708 1244 1924 1589 1501 1637 1719 1052 1122 1897 1355 1744 1514 1842 1524 1015 1612 1087 1921 1972 1260 1352 1364 1332 1696 1070 1501 1969 1839 1639 1123 1594 1914 1272 1358 1255 1853 1598 1011 1703 1158 1759 1588 1675 1537 1789 1969 1397 1063 1716 1913 1040 1578 1982 1569 1296 1458 1387 1783 1473 1375 1981 1644 1225 1046 1129 1912 1724 1808 1079 1389 1103 1431 1893 1552 1533 1627 BCNSPRNW ULIB Ver.6.0+V

เปลี่ยนเป็นภาษาไทย

Change to English
 แสดงรายละเอียดบรรณานุกรม
  กลับหน้าหลัก

Brief Record : Get Marc (ISO 2709) : E-mail record : QR code < ปิดหน้าต่าง
LEADER : 00000nam 2200000uu 4500
001    13399113849
003     ULIB
008    120110s||||||||th 000 0 tha d
099    วจ.WY18.2^bก674น
100 0  กิตติพร เนาว์สุวรรณ
245 00 นวัตกรรมหุ่นช่วยฝึกใส่สายให้อาหารทางสายยาง/^cกิตติพร เนาว์สุวรรณ,ปฐมามาศ โชติบัณ,จรูญรัตน์ รอดเนียม และ ธารินี นนทพุทธ
260    สงขลา :^bวิทยาลัยพยาบาลบรมราชชนนี สงขลา,^c2554
300    74 หน้า :^bตาราง
500    รายงานการวิจัย
650  7 หุ่นช่วยฝึก^xวิจัย
650  7 การใส่อาหารสายยาง^xวิจัย
650  7 นวัตกรรม^xวิจัย
700 02 ปฐมามาศ โชติบัณ
700 02 จรูญรัตน์ รอดเนียม
700 02 ธารินี นนทพุทธ
710 1  วิทยาลัยพยาบาลบรมราชชนนี สงขลา
945    ^p0^l0^i030917
995    ทศพร
999 ^a ทศพร
รายการนี้ยังไม่มีแท็ก
คุณยังไม่ได้ล็อกอิน คุณสามารถมีกิจกรรมร่วมกับเว็บไซต์ได้ แต่ต้องล็อกอินก่อน ::
  ล็อกอิน

รายการสื่อสารสนเทศ

ลำดับที่ ประเภท เลขเรียก/บาร์โค้ด สถานที่ สถานะ
1. งานวิจัย
งานวิจัย
วจ.WY18.2 ก674น ฉ.1 
  Barcode: 030917
ห้องสมุดวิทยาเขตสวรรค์ประชารักษ์
►วิจัย
บนชั้น

รายการใกล้เคียง
    ผู้แต่ง [กิตติพร เนาว์สุวรรณ]

BibComment


ยังไม่เคยถูกคอมเมนท์

คอมเมนท์ทรัพยากรรายการนี้
  คอมเมนท์: นวัตกรรมหุ่นช่วยฝ..


 Copyright 2026. Bcnsprnw @Library